<?xml version="1.0" encoding="UTF-8"?><?xml-stylesheet type="text/xsl" href="static/style.xsl"?><OAI-PMH xmlns="http://www.openarchives.org/OAI/2.0/" xmlns:xsi="http://www.w3.org/2001/XMLSchema-instance" xsi:schemaLocation="http://www.openarchives.org/OAI/2.0/ http://www.openarchives.org/OAI/2.0/OAI-PMH.xsd"><responseDate>2026-06-02T00:40:30Z</responseDate><request verb="GetRecord" identifier="oai:riuma.uma.es:10630/32544" metadataPrefix="marc">https://riuma.uma.es/rest/oai/request</request><GetRecord><record><header><identifier>oai:riuma.uma.es:10630/32544</identifier><datestamp>2026-02-03T10:57:59Z</datestamp><setSpec>com_10630_2254</setSpec><setSpec>col_10630_37953</setSpec></header><metadata><record xmlns="http://www.loc.gov/MARC21/slim" xmlns:dcterms="http://purl.org/dc/terms/" xmlns:doc="http://www.lyncode.com/xoai" xmlns:xsi="http://www.w3.org/2001/XMLSchema-instance" xsi:schemaLocation="http://www.loc.gov/MARC21/slim http://www.loc.gov/standards/marcxml/schema/MARC21slim.xsd">
   <leader>00925njm 22002777a 4500</leader>
   <datafield ind2=" " ind1=" " tag="042">
      <subfield code="a">dc</subfield>
   </datafield>
   <datafield ind2=" " ind1=" " tag="720">
      <subfield code="a">Estepa-Maestre, Francisco</subfield>
      <subfield code="e">author</subfield>
   </datafield>
   <datafield ind2=" " ind1=" " tag="720">
      <subfield code="a">Gutiérrez-Sánchez, José David</subfield>
      <subfield code="e">author</subfield>
   </datafield>
   <datafield ind2=" " ind1=" " tag="720">
      <subfield code="a">Vallejo-Andrada, Ana</subfield>
      <subfield code="e">author</subfield>
   </datafield>
   <datafield ind2=" " ind1=" " tag="260">
      <subfield code="c">2024-01-31</subfield>
   </datafield>
   <datafield ind2=" " ind1=" " tag="520">
      <subfield code="a">La siguiente investigación se integra dentro de un proyecto de innovación docente desarrollado en la Universidad Pablo de Olavide, con una muestra de alumnado del Grado de Trabajo Social (n=110) y Doble Grado de Sociología y Trabajo Social (n=52). Que consistió en el análisis de la historia de vida y del desarrollo de la entrevista biográfica o semiestructurada aplicándolas a las TICs. Teniendo como principal objetivo examinar el potencial de estas técnicas a través de las TICs para la enseñanza conceptual en Ciencias Sociales. Para ello aplicamos un post-test de satisfacción, ad-hoc con preguntas abiertas y de escala linkert. Dando como principales conclusiones la satisfacción del alumnado respecto al uso de la historia de vida y entrevista como recurso didáctico, así como una adquisición satisfactoria de habilidades y conocimientos sociológicos, como el pensamiento crítico, las conexiones a nivel micro/macro y la interacción entre estructura y agencia, entre otros.</subfield>
   </datafield>
   <datafield ind1="8" ind2=" " tag="024">
      <subfield code="a">Estepa Maestre, F.; Gutiérrez Sánchez, J. D.; Vallejo Andrada, A. (2024). Herramientas cualitativas y TICs en la enseñanza universitaria: una experiencia desde las Ciencias Sociales. Campus Virtuales, 13(1), 35-46. https://doi.org/10.54988/cv.2024.1.1137</subfield>
   </datafield>
   <datafield ind1="8" ind2=" " tag="024">
      <subfield code="a">https://hdl.handle.net/10630/32544</subfield>
   </datafield>
   <datafield ind1="8" ind2=" " tag="024">
      <subfield code="a">10.54988/cv.2024.1.1137</subfield>
   </datafield>
   <datafield tag="653" ind2=" " ind1=" ">
      <subfield code="a">Investigación activa en educación</subfield>
   </datafield>
   <datafield tag="653" ind2=" " ind1=" ">
      <subfield code="a">Sociedad de la información</subfield>
   </datafield>
   <datafield tag="653" ind2=" " ind1=" ">
      <subfield code="a">Enseñanza - Métodos activos</subfield>
   </datafield>
   <datafield ind2="0" ind1="0" tag="245">
      <subfield code="a">Herramientas cualitativas y TICs en la enseñanza universitaria: una experiencia desde las Ciencias Sociales.</subfield>
   </datafield>
</record>
</metadata></record></GetRecord></OAI-PMH>